<?xml version="1.0" encoding="UTF-8"?>
<record
    xmlns:xsi="http://www.w3.org/2001/XMLSchema-instance"
    xsi:schemaLocation="http://www.loc.gov/MARC21/slim http://www.loc.gov/standards/marcxml/schema/MARC21slim.xsd"
    xmlns="http://www.loc.gov/MARC21/slim">

  <leader>01930nam a2200253Ia 4500</leader>
  <datafield tag="952" ind1=" " ind2=" ">
    <subfield code="0">0</subfield>
    <subfield code="1">0</subfield>
    <subfield code="4">0</subfield>
    <subfield code="7">0</subfield>
    <subfield code="a">04</subfield>
    <subfield code="b">04</subfield>
    <subfield code="d">2008-06-25</subfield>
    <subfield code="l">0</subfield>
    <subfield code="o">HF1009.5 S3518</subfield>
    <subfield code="p">04 001278</subfield>
    <subfield code="r">2014-03-08</subfield>
    <subfield code="t">1</subfield>
    <subfield code="w">2012-06-24</subfield>
    <subfield code="y">LB</subfield>
  </datafield>
  <datafield tag="952" ind1=" " ind2=" ">
    <subfield code="0">0</subfield>
    <subfield code="1">0</subfield>
    <subfield code="4">0</subfield>
    <subfield code="7">0</subfield>
    <subfield code="a">04</subfield>
    <subfield code="b">04</subfield>
    <subfield code="d">2008-06-25</subfield>
    <subfield code="l">2</subfield>
    <subfield code="o">HF1009.5 S3518</subfield>
    <subfield code="p">04 001279</subfield>
    <subfield code="r">2024-01-27</subfield>
    <subfield code="s">2024-01-17</subfield>
    <subfield code="t">2</subfield>
    <subfield code="w">2012-06-24</subfield>
    <subfield code="y">LB</subfield>
  </datafield>
  <datafield tag="999" ind1=" " ind2=" ">
    <subfield code="c">62054</subfield>
    <subfield code="d">62054</subfield>
  </datafield>
  <controlfield tag="008">120625s2002    mx      r     001 0 spa d</controlfield>
  <datafield tag="020" ind1=" " ind2=" ">
    <subfield code="a">9702402328</subfield>
  </datafield>
  <datafield tag="050" ind1=" " ind2="4">
    <subfield code="a">HF1009.5 </subfield>
    <subfield code="b">S3518</subfield>
  </datafield>
  <datafield tag="100" ind1="1" ind2=" ">
    <subfield code="a">Sandhusen, Richard L. </subfield>
    <subfield code="e"> , autor </subfield>
  </datafield>
  <datafield tag="240" ind1="1" ind2="0">
    <subfield code="a">International Marketing. </subfield>
    <subfield code="l">Espa&#xF1;ol </subfield>
  </datafield>
  <datafield tag="245" ind1="1" ind2="0">
    <subfield code="a">Mercadotecnia internacional  </subfield>
    <subfield code="c"> / Richard L. Sandhusen ; traducci&#xF3;n Ma. Elena Rosas S&#xE1;nchez </subfield>
  </datafield>
  <datafield tag="260" ind1=" " ind2=" ">
    <subfield code="a">M&#xE9;xico</subfield>
    <subfield code="b"> : CECSA</subfield>
    <subfield code="c"> , 2002</subfield>
  </datafield>
  <datafield tag="300" ind1=" " ind2=" ">
    <subfield code="a">xxi, 545 p&#xE1;ginas </subfield>
    <subfield code="c"> ; 23 cm. </subfield>
  </datafield>
  <datafield tag="500" ind1=" " ind2=" ">
    <subfield code="a">T&#xED;tulo original: International Marketing </subfield>
  </datafield>
  <datafield tag="500" ind1=" " ind2=" ">
    <subfield code="a">1a. edici&#xF3;n 2002</subfield>
  </datafield>
  <datafield tag="500" ind1=" " ind2=" ">
    <subfield code="a">1a. reimpresi&#xF3;n 2003</subfield>
  </datafield>
  <datafield tag="505" ind1="0" ind2=" ">
    <subfield code="a">El mercado internacional: fuerzas y estrategias 
Planeaci&#xF3;n de la mercadotecnia internacional 
Sistemas de la mercadotecnia interncaional 
Investigaci&#xF3;n de mercadotecnia internacional 1: exploraci&#xF3;n de las oportunidades globales 
Obtenci&#xF3;n de recomendaciones confiables para los decisores 
Influencias pol&#xED;ticas y legales en los mercados internacionales 
Influencias econ&#xF3;micas en los mercados internacionales 
Influencias culturales en los mercados internacionales 
Perspectivas y oportunidades en los mercados internacionales 
Mercados internacionales institucionales y de consumidores 
Estrategias de segmentaci&#xF3;n, de selecci&#xF3;n del mercado meta y de posicionamiento en el &#xE1;mbito internacional 
Medici&#xF3;n del mercado internacional y del potencial de ventas 
Planeaci&#xF3;n de productos internacionales 
Estrategias de crecimiento del producto/mercado 
Estrategias de dise&#xF1;o y desarrollo del producto 
Precios en los mercados internacionales
Establecimiento de objetivos y pol&#xED;ticas 
Planeaci&#xF3;n de la promoci&#xF3;n internacional </subfield>
  </datafield>
  <datafield tag="519" ind1=" " ind2=" ">
    <subfield code="a">Material Complementario / </subfield>
    <subfield code="d">(04 001278)</subfield>
  </datafield>
  <datafield tag="519" ind1=" " ind2=" ">
    <subfield code="a">Material Complementario / </subfield>
    <subfield code="d">(04 001279</subfield>
  </datafield>
  <datafield tag="650" ind1=" " ind2="4">
    <subfield code="a">MERCADOTECNIA INTERNACIONAL </subfield>
  </datafield>
  <datafield tag="650" ind1=" " ind2="4">
    <subfield code="a">MERCADO DE EXPORTACI&#xD3;N </subfield>
  </datafield>
  <datafield tag="700" ind1="1" ind2=" ">
    <subfield code="a">Rosas S&#xE1;nchez, Ma. Elena </subfield>
    <subfield code="e"> , traductor </subfield>
  </datafield>
  <datafield tag="942" ind1=" " ind2=" ">
    <subfield code="c">LB</subfield>
  </datafield>
</record>
